Entrada Nombre personal
Número de registros utilizados en: 2
001 - NÚMERO DE CONTROL
- campo de control: 167276
003 - IDENTIFICADOR DE NÚMERO DE CONTROL
- campo de control: SpMaBN
005 - FECHA Y HORA DE LA ÚLTIMA TRANSACCIÓN
- campo de control: 20230525194735.0
008 - ELEMENTOS DE DATO DE LONGITUD-FIJA
- campo de control de longitud fija: 900725nn ainnnaabn a aaa
010 ## - NÚMERO DE CONTROL DE LA BIBLIOTECA DEL CONGRESO
- Número de control de LC: XX1171046
016 ## - NÚMERO DE CONTROL DE UNA AGENCIA BIBLIOGRÁFICA NACIONAL
- Número de control del registro: BNE19960809142
024 7# - IDENTIFICADOR DE OTROS ESTÁNDARES
- Número estándar o código: http://viaf.org/viaf/2145003277061301883/
- Fuente: viaf
040 ## - FUENTE DE CATALOGACIÓN
- Centro catalogador/agencia de origen: SpMaBN
- Lengua de catalogación: spa
- Centro/agencia transcriptor: SpMaBN
- Normas de descripción: rdc
- Convención/Normas de encabezamiento de materia/tesauro: embne
- Centro/agencia modificador: ES-MaACL
046 ## - FECHAS CON CODIFICACIÓN ESPECIAL
- Fecha de nacimiento: 1909
- Fecha de la muerte: 1988-03-17
100 1# - ENCABEZAMIENTO-NOMBRE DE PERSONA
- Nombre de persona: Abad-Conde y Sevilla, Gerardo,
- Fechas asociadas al nombre: 1909-1988
370 ## - LUGAR ASOCIADO
- Lugar de nacimiento: España, Galicia, La Coruña (Provincia), La Coruña
- Fuente del término: embne
370 ## - LUGAR ASOCIADO
- Lugar de fallecimiento: España, Madrid (Comunidad Autónoma), Madrid
- Fuente del término: embne
372 ## - CAMPO DE ACTIVIDAD
- Campo de actividad: Derecho
- Campo de actividad: Legislación
- Fuente del término: embne
373 ## - GRUPO ASOCIADO
- Grupo asociado: Real Academia Gallega de Jurisprudencia y Legislación
- Fuente del término: embne
374 ## - OCUPACIÓN
- Ocupación: Abogados
- Ocupación: Profesores universitarios
- Fuente del término: embne
375 ## - GÉNERO/SEXO
- Género: Masculino
377 ## - IDIOMA ASOCIADO
- Término de lengua/lenguaje: Español
670 ## - FUENTE DE DATOS ENCONTRADOS
- Cita de la fuente: WWW La Voz de Galicia Hemeroteca, 5-11-2015;
- Información encontrada: 19-4-2006 (Gerardo Abad-Conde Sevilla nació en A Coruña en el año 1909 y falleció en Madrid el 17 de marzo de 1988; abogado y profesor de Derecho Privado en la Universidad de Madrid)
670 ## - FUENTE DE DATOS ENCONTRADOS
- Cita de la fuente: WWW La Voz de Galicia Hemeroteca, 14-8-2018;
- Información encontrada: 19-4-2006 (Fue miembro numerario en la Real Academia Gallega de Jurisprudencia, discurso que leyó el 22 de enero de 1970)
670 ## - FUENTE DE DATOS ENCONTRADOS
- Cita de la fuente: WWW Bn España aut., 25-05-2023;
- Información encontrada: (Abad-Conde y Sevilla, Gerardo, 1909-1988)
670 ## - FUENTE DE DATOS ENCONTRADOS
- Cita de la fuente: Elementos de Derecho y legislación mercantil, 1969;
955 ## - CATALOGADOR - EDICIÓN
- Nombre del catalogador: Julia Mas Vieira
